<The> Measurement of product placement

Umiestňovanie produktov možno definovať ako využitie skutočného produktu alebo služby priamo v audiovizuálnych dielach za jasne zmluvne dohodnutých podmienok. Metodika merania efektívnosti finančných prostriedkov investovaných do umiestňovania produktov v audiovizuálnych dielach.

Gespeichert in:
Bibliographische Detailangaben
1. Verfasser: Kozák, Vratislav
Weitere Verfasser: Barinka, Karel
Format: Buchkapitel
Sprache:Englisch
Schlagworte:
Tags: Tag hinzufügen
Keine Tags, Fügen Sie das erste Tag hinzu!

MARC

LEADER 00000nla a2200000 4500
001 0231259
005 20240417075121.3
041 0 |a eng 
044 |a UA 
245 1 0 |a <The> Measurement of product placement  |c Vratislav Kozák, Karel Barinka 
520 |a Umiestňovanie produktov možno definovať ako využitie skutočného produktu alebo služby priamo v audiovizuálnych dielach za jasne zmluvne dohodnutých podmienok. Metodika merania efektívnosti finančných prostriedkov investovaných do umiestňovania produktov v audiovizuálnych dielach. 
610 2 0 |a umiestňovanie produktov 
610 2 0 |a propagácia priama 
610 2 0 |a marketing 
610 2 0 |a nástroje marketingové 
610 2 0 |a stratégia marketingová 
610 2 0 |a médiá 
610 2 0 |a reklama 
610 2 0 |a meranie 
610 2 0 |a efektívnosť 
100 1 |a Kozák, Vratislav 
700 1 |a Barinka, Karel